Agricultural Policy, Trade, Economic Growth, and Development

Guardado en:
Detalles Bibliográficos
Formato: Libro
Lenguaje:inglés
Publicado: Washington United States Department of Agriculture 1989
Materias:
Etiquetas: Agregar Etiqueta
Sin Etiquetas, Sea el primero en etiquetar este registro!

MARC

LEADER 00000nam a2200000 4500
001 c033888
005 20250917085618.5
041 0 |a eng 
044 |a US 
245 1 0 |a Agricultural Policy, Trade, Economic Growth, and Development 
264 1 |a Washington  |b United States Department of Agriculture  |c 1989 
300 |a 191 s. 
610 2 0 |a poľnohospodárstvo 
610 2 0 |a USA